000
00375nam a22001337a 4500
082
_a
347.072 INA
100
_a
Inayatullah, M.
245
_a
Conveyancing:
_b
Law and Precedents /
_c
M. Inayatullah
260
_a
Lahore :
_b
P.L.D. Publishers,
_c
2019.
300
_a
342 p. ;
_c
24 cm.
942
_2
ddc
_c
BK
999
_c
587105
_d
587105